Producto de distribuciones /

Guardado en:
Autor Principal: Panzone, Pablo A.
Formato: Libro
Idioma:Spanish
Publicado: 1989.
Etiquetas: Agregar Etiqueta
Sin Etiquetas, Sea el primero en etiquetar este registro!
LEADER 00515nam a22001695a 4500
001 MAT.inmabb006989
008 041125s1989####ag#######bm###000#0#spa#d
005 20180221121834.0
245 1 0 |a Producto de distribuciones /  |c Pablo A. Panzone. 
260 |c 1989. 
300 |a 84 p. 
502 |a Tesis (doctoral)--Universidad Nacional del Sur, 1991. 
504 |a Incluye referencias bibliográficas. 
100 1 |a Panzone, Pablo A. 
082 0 4 |a 040 
082 0 4 |a 512.9 
859 |a Ar-BaUNS  |b BIB. MATEMATICA  |h 040  |i B148 1989-195p  |p A-8971